[Event "ROU-chT Men Superliga 2018"]
[Site "Sovata"]
[Date "2018.11.27"]
[Round "4"]
[White "Toma, Radu-Cristian"]
[Black "Scripcaru, George-Daniel"]
[Result "1-0"]
[WhiteElo "2354"]
[BlackElo "2176"]
[Annotator "NA"]
[PlyCount "59"]
[EventDate "2018.11.24"]
[EventType "team-tourn"]
[EventCountry "ROU"]
[SourceTitle "playchess.com"]
[Source "ChessBase"]
[SourceQuality "1"]
[TimeControl "40/5400+30:1800+30"]

1. d4 {[%emt 0:00:00]} Nf6 {[%emt 0:00:00]} 2. Nf3 {[%emt 0:00:17]} g6 {[%emt 0:00:00]} 3. c4 {[%emt 0:02:50]} Bg7 {[%emt 0:00:00]} 4. g3 {[%emt 0:00:08]} O-O {[%emt 0:00:10]} 5. Bg2 {[%emt 0:00:06]} d6 {[%emt 0:00:05]} 6. Nc3 {[%emt 0:00:15]} a6 {[%emt 0:00:27]} 7. O-O {[%emt 0:00:23]} Nc6 {[%emt 0:00:04]} 8. e4 {[%emt 0:00:32]} Bg4 {[%emt 0:01:39]} 9. Be3 {[%emt 0:00:36]} Nd7 {[%emt 0:03:31]} 10. Ne2 {[%emt 0:01:13] E63: King's Indian: Fianchetto: Panno Variation with 7...a6} (10. Qd2 Bxf3 11. Bxf3 e5 12. d5 Nd4 13. Bg2 c5 14. dxc6 bxc6 15. f4 Rb8 16. Rf2 Nf6 17. h3 Nh5 18. Kh2 exf4 19. gxf4 {½-½ (43) Mamedyarov,S (2799)-Amin,B (2689) Riadh 2017}) 10... e5 {[%emt 0:02:16]} 11. d5 {[%emt 0:00:25]} Ne7 {[%emt 0:02:06]} 12. h3 $146 {[%emt 0:12:31]} ({Predecessor:} 12. Ne1 Bxe2 13. Qxe2 f5 14. f3 Kh8 15. Nd3 Ng8 16. c5 fxe4 17. fxe4 Bh6 {1-0 (44) Krasenkow,M (2658)-Socko,B (2557) Warsaw 2001}) 12... Bxf3 {[%emt 0:00:07]} 13. Bxf3 {[%emt 0:00:03]} a5 {[%emt 0:00:31]} 14. g4 {[%emt 0:08:46]} f6 {[%emt 0:01:48]} ({Better is} 14... f5 $11) 15. Ng3 {[%emt 0:02:59]} Nc5 {[%emt 0:03:56]} 16. Qd2 {[%emt 0:05:46]} Rf7 {[%emt 0:02:12]} 17. Bd1 {[%emt 0:01:15]} Qf8 {[%emt 0:03:48]} 18. Bc2 {[%emt 0:00:44]} Kh8 {[%emt 0:02:27]} 19. Kg2 {[%emt 0:05:08]} Ng8 {[%emt 0:05:41]} 20. h4 {[%emt 0:01:45]} Qc8 $16 {[%emt 0:05:54]} 21. Qe2 {[%emt 0:10:36]} Ne7 {[%emt 0:06:36]} 22. Rh1 {[%emt 0:05:44]} Kg8 {[%emt 0:03:28]} 23. h5 {[%emt 0:01:28]} g5 {[%emt 0:00:46]} 24. b3 {[%emt 0:06:46]} h6 {[%emt 0:00:17]} 25. a3 {[%emt 0:00:30]} Qd7 {[%emt 0:01:59]} 26. b4 {[%emt 0:01:31]} Na6 {[%emt 0:00:10]} 27. c5 {[%emt 0:03:33]} Rff8 {[%emt 0:00:35]} 28. Rhb1 {[%emt 0:02:06]} Rfb8 {[%emt 0:08:17]} 29. Bd3 {[%emt 0:01:02]} Qc8 {[%emt 0:01:45]} 30. Rc1 {[%emt 0:02:32]} 1-0

[Event "ROU-chT Men Superliga 2018"]
[Site "Sovata"]
[Date "2018.11.27"]
[Round "4"]
[White "Ogleznev, Alexandr"]
[Black "Manea, Alexandru"]
[Result "1/2-1/2"]
[WhiteElo "2333"]
[BlackElo "2347"]
[Annotator "NA"]
[PlyCount "164"]
[EventDate "2018.11.24"]
[EventType "team-tourn"]
[EventCountry "ROU"]
[SourceTitle "playchess.com"]
[Source "ChessBase"]
[SourceQuality "1"]
[TimeControl "40/5400+30:1800+30"]

1. e4 {[%emt 0:00:00]} c5 {[%emt 0:00:00]} 2. Nf3 {[%emt 0:00:00]} e6 {[%emt 0:00:00]} 3. d4 {[%emt 0:00:00]} cxd4 {[%emt 0:00:00]} 4. Nxd4 {[%emt 0:00:04]} Nc6 {[%emt 0:00:00]} 5. Nc3 {[%emt 0:00:12]} Qc7 {[%emt 0:00:00]} 6. Be2 {[%emt 0:01:17]} Nf6 {[%emt 0:00:10]} 7. O-O {[%emt 0:00:22]} Be7 {[%emt 0:00:05]} 8. Be3 {[%emt 0:01:43]} O-O {[%emt 0:00:10]} 9. f4 {[%emt 0:02:01]} d6 {[%emt 0:00:10]} 10. Kh1 {[%emt 0:01:56]} Nxd4 {[%emt 0:01:33]} 11. Qxd4 {[%emt 0:00:13]} b6 {[%emt 0:00:23] B83: Sicilian Scheveningen: 6 Be2, lines without ...a6} 12. Bf3 {[%emt 0:18:41]} Bb7 {[%emt 0:01:42]} 13. Nb5 {[%emt 0:06:18]} Qb8 {[%emt 0:10:44]} 14. c4 {[%emt 0:05:12]} a6 {[%emt 0:01:54]} (14... Rd8 15. Qd3 a6 16. Nc3 Qc7 17. Rac1 Rac8 18. b3 Nd7 19. Rfd1 {½-½ (26) Wang,H (2709)-Safarli,E (2639) Riadh 2017}) 15. Nc3 {[%emt 0:00:28] LiveBook: 15 Games} Nd7 {[%emt 0:02:07]} 16. e5 $146 {[%emt 0:11:43]} ({Predecessor:} 16. Rfd1 Rd8 17. Rac1 Nc5 18. Qd2 Bf6 19. b4 Bxc3 20. Qxc3 Nxe4 {0-1 (47) Henrichs,T (2467)-Pruijssers,R (2519) Bregenz 2018}) 16... Bxf3 {[%emt 0:03:03]} 17. Rxf3 {[%emt 0:00:11]} Rd8 {[%emt 0:01:24]} 18. exd6 {[%emt 0:02:34]} Qxd6 {[%emt 0:00:12]} 19. Qxd6 {[%emt 0:06:31]} Bxd6 {[%emt 0:00:03]} 20. b3 {[%emt 0:01:23]} Bb4 {[%emt 0:06:44]} 21. Bf2 {[%emt 0:08:51]} Nc5 {[%emt 0:01:22]} 22. Bxc5 {[%emt 0:02:04]} Bxc5 {[%emt 0:00:16]} 23. Ne4 {[%emt 0:01:30]} Be7 {[%emt 0:08:26]} 24. f5 {[%emt 0:08:47]} Rd4 {[%emt 0:01:10]} 25. Nc3 {[%emt 0:00:10]} exf5 {[%emt 0:06:07]} 26. Rxf5 {[%emt 0:01:42]} Rd2 {[%emt 0:00:27]} 27. Nd5 {[%emt 0:01:17]} Bc5 {[%emt 0:00:11]} 28. Raf1 {[%emt 0:04:36]} f6 {[%emt 0:00:59]} 29. Nc7 {[%emt 0:04:09]} Ra7 {[%emt 0:05:32]} 30. Ne6 {[%emt 0:01:49]} Ba3 {[%emt 0:01:30]} 31. R5f2 {[%emt 0:02:10]} Rad7 {[%emt 0:04:32]} 32. g3 {[%emt 0:01:04]} h6 {[%emt 0:10:56]} 33. Nf4 {[%emt 0:00:27]} Bc5 {[%emt 0:00:12]} 34. Rxd2 {[%emt 0:00:06]} Rxd2 {[%emt 0:00:04]} 35. a4 {[%emt 0:00:18]} a5 {[%emt 0:00:41]} 36. Ne6 {[%emt 0:02:49]} Bd6 {[%emt 0:05:34]} 37. Nf4 {[%emt 0:03:30]} Kf7 {[%emt 0:00:40]} 38. Nd5 {[%emt 0:01:08]} Bc5 {[%emt 0:00:08]} 39. Rb1 {[%emt 0:00:22]} Rc2 {[%emt 0:07:04]} 40. b4 {[%emt 0:00:00]} axb4 {[%emt 0:00:00]} 41. Nxb4 {[%emt 0:01:31]} Rxc4 {[%emt 0:00:25]} 42. Nd5 {[%emt 0:00:07]} Rxa4 {[%emt 0:00:13]} 43. Nxb6 {[%emt 0:00:06]} Rd4 {[%emt 0:00:41]} 44. Rb5 {[%emt 0:00:54]} Rd1+ {[%emt 0:01:15]} 45. Kg2 {[%emt 0:00:07]} Rd2+ {[%emt 0:00:18]} 46. Kh1 {[%emt 0:00:28]} Rc2 {[%emt 0:08:21]} 47. Nd5 {[%emt 0:00:40]} g5 {[%emt 0:01:03]} 48. Rb3 {[%emt 0:08:40]} Rd2 {[%emt 0:04:15]} 49. Ne3 {[%emt 0:00:20]} h5 {[%emt 0:00:28]} 50. h3 {[%emt 0:03:04]} Re2 {[%emt 0:07:24]} 51. Nf1 {[%emt 0:00:29]} ({Better is} 51. Nf5) 51... Rf2 {[%emt 0:00:19]} 52. Nh2 {[%emt 0:00:06]} Rc2 {[%emt 0:04:43]} 53. Rf3 {[%emt 0:01:02]} Kg6 {[%emt 0:00:18]} 54. g4 {[%emt 0:02:48]} hxg4 {[%emt 0:01:31]} 55. Nxg4 {[%emt 0:00:43]} Bd4 {[%emt 0:01:02]} 56. Rd3 {[%emt 0:01:23]} Rc4 {[%emt 0:02:33]} 57. Kg2 $2 {[%emt 0:00:49]} (57. Ra3 $17 {is a better defense.}) 57... Ra4 {[%emt 0:00:23]} (57... f5 $19 58. Nf2 Kh5) 58. Kf3 {[%emt 0:04:14]} Kf5 {[%emt 0:03:01]} 59. Ne3+ {[%emt 0:00:22]} Ke6 {[%emt 0:00:24]} 60. Ng2 {[%emt 0:03:58]} Be5 {[%emt 0:00:36]} 61. Rb3 {[%emt 0:00:17]} Ra1 {[%emt 0:01:39]} (61... Bd6 $17 62. Re3+ Kf7) 62. h4 $1 {[%emt 0:02:31]} Rf1+ {[%emt 0:00:27]} 63. Ke2 {[%emt 0:02:06]} Rg1 {[%emt 0:00:49]} 64. Kf2 $1 {[%emt 0:00:02]} Bd4+ {[%emt 0:00:11]} 65. Ne3 {[%emt 0:00:03]} Rg4 {[%emt 0:07:10]} 66. hxg5 {[%emt 0:00:17]} Rxg5 {[%emt 0:00:54]} 67. Kf3 {[%emt 0:01:12]} Rh5 {[%emt 0:00:44]} 68. Kg4 {[%emt 0:00:13]} Rg5+ {[%emt 0:00:21]} 69. Kf3 {[%emt 0:00:08]} Rh5 {[%emt 0:00:08]} 70. Kg4 {[%emt 0:00:04]} Rh1 {[%emt 0:00:11]} 71. Nf5 {[%emt 0:00:59]} Rg1+ {[%emt 0:00:37]} 72. Rg3 {[%emt 0:00:13]} Rd1 {[%emt 0:00:12]} 73. Nxd4+ {[%emt 0:00:24]} Rxd4+ {[%emt 0:00:08]} 74. Kh3 {[%emt 0:00:03]} Ke5 {[%emt 0:00:08]} 75. Kg2 {[%emt 0:00:15]} Rd2+ {[%emt 0:00:04]} 76. Kf1 {[%emt 0:00:06]} f5 {[%emt 0:00:05]} 77. Ra3 {[%emt 0:00:19]} Kf4 $11 {[%emt 0:00:05]} 78. Rb3 {[%emt 0:00:15]} Kg4 {[%emt 0:00:05]} 79. Ra3 {[%emt 0:00:13]} f4 {[%emt 0:00:09]} 80. Rb3 {[%emt 0:00:00]} Rh2 {[%emt 0:00:00]} 81. Kg1 {[%emt 0:00:00]} Re2 {[%emt 0:00:00]} 82. Ra3 Re3 1/2-1/2

[Event "ROU-chT Men Superliga 2018"]
[Site "Sovata"]
[Date "2018.11.27"]
[Round "4"]
[White "Vrencian, Lehel"]
[Black "Berescu, Alin-Mile"]
[Result "1/2-1/2"]
[WhiteElo "2321"]
[BlackElo "2450"]
[Annotator "TA"]
[PlyCount "40"]
[EventDate "2018.11.24"]
[EventType "team-tourn"]
[EventCountry "ROU"]
[SourceTitle "playchess.com"]
[Source "ChessBase"]
[SourceQuality "1"]

{[%evp 17,40,80,92,56,81,71,70,68,100,99,107,85,129,107,168,171,164,116,182,98,99,100,94,81,86]} 1. e4 c5 2. c3 d6 3. d4 Nf6 4. Bd3 Nc6 5. Nf3 g6 6. O-O Bg7 7. d5 Nb8 8. h3 O-O {B07: Pirc Defence: Miscellaneous Systems} 9. Re1 (9. c4 e5 10. Nc3 Nh5 11. a3 Nd7 12. b4 Nf4 13. Rb1 h6 14. Bc2 b6 15. Nb5 Nf6 16. Bxf4 exf4 17. bxc5 bxc5 {0-1 (82) Kulaots,K (2574)-Mamedov,R (2650) Minsk 2015}) 9... Na6 {LiveBook: 3 Games} 10. Bf4 Nc7 {White is slightly better.} 11. a4 e6 $146 ({Predecessor:} 11... b6 12. Qd2 Bb7 13. c4 e5 14. dxe6 fxe6 15. e5 Nh5 16. Bg5 {½-½ (46) Joshi,G (2280)-Roy Chowdhury,S (2434) Mumbai 2008}) 12. dxe6 Nxe6 13. Bh2 Nh5 14. Na3 {[%cal Bb1a3,Ba3c4,Bc4e3][%mdl 32]} Nhf4 15. Bf1 Qf6 (15... Qe7 $16 {was called for.}) 16. Nc4 $18 Rd8 17. Ne3 {Threatens to win with g3.} Ng5 {[#]} (17... Nc7 $16 {is a better defense.}) 18. Nxg5 (18. Nd2 $1 $18) 18... Qxg5 $16 {White is better.} 19. Kh1 Be6 20. Qf3 Be5 {Accuracy: White = 45%, Black = 47%.} 1/2-1/2

[Event "ROU-chT Men Superliga 2018"]
[Site "Sovata"]
[Date "2018.11.27"]
[Round "4"]
[White "Balla, Tamas-Kristof"]
[Black "Banzea, Alexandru-Bogdan"]
[Result "0-1"]
[WhiteElo "2318"]
[BlackElo "2313"]
[Annotator "ChessBase"]
[PlyCount "100"]
[EventDate "2018.11.24"]
[EventType "team-tourn"]
[EventCountry "ROU"]
[SourceTitle "playchess.com"]
[Source "ChessBase"]
[SourceQuality "1"]
[TimeControl "40/5400+30:1800+30"]

1. d4 {[%emt 0:00:01]} Nf6 {[%emt 0:00:33]} 2. c4 {[%emt 0:00:03]} g6 {[%emt 0:01:03]} 3. Nc3 {[%emt 0:00:05]} Bg7 {[%emt 0:00:26]} 4. e4 {[%emt 0:00:07]} d6 {[%emt 0:00:17]} 5. Be2 {[%emt 0:00:06]} O-O {[%emt 0:00:45]} 6. Be3 {[%emt 0:00:04]} e5 {[%emt 0:00:55]} 7. d5 {[%emt 0:00:08]} Na6 {[%emt 0:00:36]} 8. g4 {[%emt 0:00:31]} Nc5 {[%emt 0:00:28]} 9. Bf3 {[%emt 0:00:15]} a5 {[%emt 0:04:45]} 10. h4 {[%emt 0:01:55]} Bd7 {[%emt 0:02:07]} 11. g5 {[%emt 0:04:47]} Ne8 {[%emt 0:01:04]} 12. h5 {[%emt 0:00:26]} a4 {[%emt 0:03:26]} 13. Qd2 {[%emt 0:08:19]} c6 {[%emt 0:03:14]} 14. O-O-O {[%emt 0:19:17]} Qa5 {[%emt 0:05:06]} 15. Kb1 {[%emt 0:05:48]} Nc7 {[%emt 0:19:30]} 16. h6 {[%emt 0:17:20]} Bh8 {[%emt 0:00:36]} 17. dxc6 {[%emt 0:00:37]} bxc6 {[%emt 0:01:52]} 18. Bxc5 {[%emt 0:04:19]} Qxc5 {[%emt 0:00:53]} 19. Qxd6 {[%emt 0:00:07]} Qxd6 {[%emt 0:17:09]} 20. Rxd6 {[%emt 0:00:23]} Rfd8 {[%emt 0:00:18]} 21. Nge2 {[%emt 0:07:26]} Kf8 {[%emt 0:00:22]} 22. Nc1 {[%emt 0:13:40]} Ke7 {[%emt 0:04:26]} 23. Rd2 {[%emt 0:00:13]} Ne6 {[%emt 0:01:03]} 24. Rg1 {[%emt 0:01:54]} f6 {[%emt 0:02:37]} 25. gxf6+ {[%emt 0:04:25]} Bxf6 {[%emt 0:00:30]} 26. Bg4 {[%emt 0:01:15]} Nd4 {[%emt 0:00:47]} 27. Rd3 {[%emt 0:00:37]} Be8 {[%emt 0:00:33]} 28. Bd1 {[%emt 0:01:03]} a3 {[%emt 0:01:52]} 29. b3 {[%emt 0:00:27]} Bf7 {[%emt 0:01:10]} 30. N3e2 {[%emt 0:01:56]} Ne6 {[%emt 0:02:00]} 31. Kc2 {[%emt 0:01:09]} Rdb8 {[%emt 0:03:53]} 32. Rh3 {[%emt 0:01:21]} Nc5 {[%emt 0:01:12]} 33. Re3 {[%emt 0:01:18]} Ra7 {[%emt 0:08:04]} 34. Kc3 {[%emt 0:00:33]} Rd7 {[%emt 0:02:17]} 35. Nd3 {[%emt 0:00:32]} Ne6 {[%emt 0:01:59]} 36. Nb4 {[%emt 0:01:21]} Rb6 {[%emt 0:01:28]} 37. Rd3 {[%emt 0:01:31]} Rdb7 {[%emt 0:00:43]} 38. Nc2 {[%emt 0:00:19]} Nc5 {[%emt 0:02:01]} 39. Re3 {[%emt 0:00:07]} Bh4 {[%emt 0:04:22]} 40. Rg2 {[%emt 0:00:00]} Rd7 {[%emt 0:00:00]} 41. Ned4 {[%emt 0:07:07]} exd4+ {[%emt 0:07:30]} 42. Nxd4 {[%emt 0:00:05]} Ne6 {[%emt 0:02:01]} 43. Bg4 {[%emt 0:02:53]} Rxd4 {[%emt 0:01:49]} 44. Bxe6 {[%emt 0:01:08]} Rd1 {[%emt 0:00:22]} 45. Bxf7 {[%emt 0:01:20]} Kxf7 {[%emt 0:00:15]} 46. f4 {[%emt 0:00:07]} c5 {[%emt 0:04:17]} 47. e5 {[%emt 0:02:38]} Ke6 {[%emt 0:01:46]} 48. Rh3 {[%emt 0:00:41]} Be1+ {[%emt 0:01:16]} 49. Kc2 {[%emt 0:00:19]} Ra1 {[%emt 0:00:23]} 50. Kd3 {[%emt 0:01:26]} Rxa2 {[%emt 0:01:28]} 0-1

[Event "ROU-chT Men Superliga 2018"]
[Site "Sovata"]
[Date "2018.11.27"]
[Round "4"]
[White "Ileana, George"]
[Black "Manolache, Marius"]
[Result "1/2-1/2"]
[WhiteElo "2318"]
[BlackElo "2518"]
[Annotator "TA"]
[PlyCount "111"]
[EventDate "2018.11.24"]
[EventType "team-tourn"]
[EventCountry "ROU"]
[SourceTitle "playchess.com"]
[Source "ChessBase"]
[SourceQuality "1"]

{[%evp 9,111,39,32,37,48,39,51,28,24,4,18,9,16,23,16,10,8,4,8,8,11,-7,2,0,5,-20,14,-35,-24,-42,-12,-15,-20,-16,-23,-39,0,-52,-59,-60,-60,-60,-62,-112,-104,-107,19,0,0,0,0,0,0,0,0,0,0,0,0,0,0,0,0,0,0,-27,-10,-84,-85,-228,0,0,224,212,233,0,0,0,0,0,0,0,0,0,0,0,0,0,0,0,0,0,0,0,0,0,0,0,0,0,0,0,0,0]} 1. e4 c6 2. Nf3 d5 3. Nc3 a6 4. d4 Bg4 5. h3 Bxf3 6. Qxf3 {[%cal Re4d5] B11: Caro-Kann: Two Knights Variation} e6 7. Be3 Nf6 8. a3 {White is slightly better.} Qa5 $146 ({Predecessor:} 8... b5 9. Bd3 b4 10. axb4 Bxb4 11. e5 {1-0 (30) Jones,G (2635)-Surtees,M (2113) Leeds 2011}) 9. exd5 cxd5 10. Bd3 Nbd7 11. O-O Bd6 12. Bf4 Qc7 13. Bxd6 Qxd6 14. Ne2 Rc8 15. Ng3 Qb6 16. Qe3 O-O 17. b3 Rfe8 18. Rfe1 g6 19. f4 Rc3 20. Ne2 Rc6 21. Kf2 Rec8 22. Rec1 Ne8 23. a4 ({White should try} 23. c4 $11) 23... Nd6 $15 24. a5 Qd8 25. Ra4 Nf6 26. c4 Nf5 27. Qf3 Nd6 (27... dxc4 $17 28. Bxf5 exf5 29. bxc4 Qe7) 28. Kg1 dxc4 29. bxc4 Qd7 30. c5 Nf5 31. Bxf5 exf5 32. Nc3 Re8 33. Rb4 Re7 34. Rcb1 Kg7 35. Kh2 Rc7 36. R1b2 Qd8 37. Rc4 Rcd7 38. d5 (38. Rd2 $11 {remains equal.}) 38... Nxd5 $17 39. Rxb7 {[#]} (39. Nxd5 $17 Rxd5 40. Qc3+ Kh6 41. c6 (41. Qf6 Rc7 $17 {[%mdl 64] Discovered Attack (Double check)}) 41... bxc6 42. Rxc6 (42. Qf6 Red7 $17)) 39... Rxb7 $2 (39... Ne3 $1 $19 40. Rxd7 Qxd7) 40. Nxd5 $11 Qxa5 $2 (40... Re8 $11 {and Black has nothing to worry.}) 41. c6 $18 Rbc7 42. Nxe7 $2 ({White should play} 42. Qd1 $18) 42... Rxe7 {[%mdl 4096] Endgame KQR-KQR. The position is equal.} 43. Qd3 {Strongly threatening c7!} Qc7 $1 44. Qa3 {Hoping for Qxe7!} Re4 45. Rxe4 fxe4 $11 {KQ-KQ} 46. Qc3+ Kf8 47. Qb4+ {[%mdl 64] [#] Double Attack} Ke8 48. Qxe4+ Kd8 49. Kg3 Qd6 50. h4 Kc7 51. Qc4 Qxc6 52. Qxf7+ {[%mdl 64] Double Attack} Qd7 53. Qc4+ Qc6 54. Qf7+ Qd7 55. Qc4+ Qc6 56. Qf7+ {Accuracy: White = 41%, Black = 70%.} 1/2-1/2

[Event "ROU-chT Men Superliga 2018"]
[Site "Sovata"]
[Date "2018.11.27"]
[Round "4"]
[White "Nastase, Robert-Paul"]
[Black "Vasiesiu, Dan"]
[Result "1/2-1/2"]
[WhiteElo "2296"]
[BlackElo "2394"]
[Annotator "NA"]
[PlyCount "24"]
[EventDate "2018.11.24"]
[EventType "team-tourn"]
[EventCountry "ROU"]
[SourceTitle "playchess.com"]
[Source "ChessBase"]
[SourceQuality "1"]
[TimeControl "40/5400+30:1800+30"]

1. e4 {[%emt 0:00:00]} e6 {[%emt 0:00:09]} 2. d4 {[%emt 0:00:00]} d5 {[%emt 0:00:08]} 3. Nc3 {[%emt 0:00:00]} Nf6 {[%emt 0:04:27]} 4. e5 {[%emt 0:00:00]} Nfd7 {[%emt 0:00:08]} 5. f4 {[%emt 0:00:00]} c5 {[%emt 0:00:22]} 6. Nf3 {[%emt 0:00:00]} Nc6 {[%emt 0:00:25]} 7. Be3 {[%emt 0:00:00]} Be7 {[%emt 0:03:37]} 8. Qd2 {[%emt 0:00:07]} O-O {[%emt 0:00:43]} 9. dxc5 {[%emt 0:04:10]} Nxc5 {[%emt 0:01:00]} 10. O-O-O {[%emt 0:00:51]} a6 {[%emt 0:00:46]} 11. Qf2 {[%emt 0:14:44]} Qa5 {[%emt 0:17:47]} 12. Kb1 {[%emt 0:02:10]} Na4 $14 {[%emt 0:04:12] LiveBook: 3 Games} 1/2-1/2

[Event "ROU-chT Men Superliga 2018"]
[Site "Sovata"]
[Date "2018.11.27"]
[Round "4"]
[White "Vasiesiu, Victor"]
[Black "Dicu, Razvan-Stefan"]
[Result "1/2-1/2"]
[WhiteElo "2270"]
[BlackElo "2274"]
[Annotator "NA"]
[PlyCount "39"]
[EventDate "2018.11.24"]
[EventType "team-tourn"]
[EventCountry "ROU"]
[SourceTitle "playchess.com"]
[Source "ChessBase"]
[SourceQuality "1"]
[TimeControl "40/5400+30:1800+30"]

1. e4 {[%emt 0:00:00]} c5 {[%emt 0:00:54]} 2. Nf3 {[%emt 0:00:28]} e6 {[%emt 0:00:21]} 3. d4 {[%emt 0:00:08]} cxd4 {[%emt 0:00:11]} 4. Nxd4 {[%emt 0:00:07]} Nf6 {[%emt 0:00:24]} 5. Nc3 {[%emt 0:03:03]} d6 {[%emt 0:00:24]} 6. Be3 {[%emt 0:00:17]} a6 {[%emt 0:01:38]} 7. f3 {[%emt 0:00:09]} h5 {[%emt 0:00:37]} 8. Bc4 {[%emt 0:04:05]} b5 {[%emt 0:04:38]} 9. Bb3 {[%emt 0:02:41]} Qc7 {[%emt 0:01:14]} 10. Qd2 {[%emt 0:02:43]} Bb7 {[%emt 0:02:06]} 11. O-O {[%emt 0:11:59]} Nbd7 {[%emt 0:13:37]} 12. Rad1 $11 {[%emt 0:05:08]} Ne5 {[%emt 0:10:32]} 13. Ndxb5 {[%emt 0:02:21]} axb5 {[%emt 0:00:09]} 14. Nxb5 {[%emt 0:00:07]} Qc6 {[%emt 0:06:13]} 15. Nxd6+ {[%emt 0:00:56]} Bxd6 {[%emt 0:00:07]} 16. Qxd6 {[%emt 0:00:06]} Qxd6 {[%emt 0:12:04]} 17. Rxd6 {[%emt 0:00:08]} O-O {[%emt 0:09:01]} 18. Rfd1 {[%emt 0:17:05]} Rfc8 {[%emt 0:00:57]} 19. c3 {[%emt 0:00:58]} Bc6 {[%emt 0:13:16]} 20. R6d4 {[%emt 0:13:28]} 1/2-1/2

[Event "ROU-chT Men Superliga 2018"]
[Site "Sovata"]
[Date "2018.11.27"]
[Round "4"]
[White "Szabo, Attila"]
[Black "Petrisor, Adrian-Marian"]
[Result "1/2-1/2"]
[WhiteElo "2263"]
[BlackElo "2425"]
[Annotator "TA"]
[PlyCount "47"]
[EventDate "2018.11.24"]
[EventType "team-tourn"]
[EventCountry "ROU"]
[SourceTitle "playchess.com"]
[Source "ChessBase"]
[SourceQuality "1"]

{[%evp 12,47,21,13,48,45,43,52,56,54,56,35,28,21,12,12,34,34,25,27,48,36,47,28,55,46,51,60,60,33,22,25,40,11,22,18,46,30]} 1. e4 c5 2. Nf3 d6 3. Bb5+ Nd7 4. O-O Ngf6 5. Re1 a6 6. Bxd7+ Nxd7 7. c3 {LiveBook: 15 Games} c4 {B51: Sicilian: Moscow Variation (3 Bb5+) without 3...Bd7} (7... e6 8. d4 Be7 9. Nbd2 cxd4 10. cxd4 O-O 11. Nf1 b5 12. a4 bxa4 13. Qxa4 Bb7 14. Bd2 Nf6 15. Ng3 {½-½ (36) Toufighi,H (2428)-Tiviakov,S (2673) Rasht 2012}) 8. b3 $146 ({Predecessor:} 8. d4 cxd3 9. Qxd3 g6 10. Be3 Qc7 11. Na3 Bg7 12. Bd4 O-O 13. Bxg7 Kxg7 14. Rad1 Nb6 15. h3 {1-0 (52) Keen,C (1900)-Ramondino,R (2166) London 2015}) 8... cxb3 9. axb3 e6 10. d4 {[%cal Bd2d4,Bd4d5][%mdl 32]} Be7 11. d5 O-O 12. Ba3 e5 13. c4 b5 14. Nc3 Qc7 15. Qd3 bxc4 16. bxc4 Rb8 17. Na4 Nb6 18. Nxb6 Rxb6 19. Rec1 f5 20. Rc3 fxe4 21. Qxe4 Rb7 22. Rac1 Bf5 $1 {[%cal Rf5e4]} 23. Qe3 Qd8 24. c5 {Accuracy: White = 68%, Black = 59%.} 1/2-1/2

[Event "ROU-chT Men Superliga 2018"]
[Site "Sovata"]
[Date "2018.11.27"]
[Round "4"]
[White "Luncasu, Raul-Ionut"]
[Black "Ionescu, Doru-Alexandru"]
[Result "1/2-1/2"]
[WhiteElo "2187"]
[BlackElo "2321"]
[Annotator "ChessBase"]
[PlyCount "119"]
[EventDate "2018.11.24"]
[EventType "team-tourn"]
[EventCountry "ROU"]
[SourceTitle "playchess.com"]
[Source "ChessBase"]
[SourceQuality "1"]
[TimeControl "40/5400+30:1800+30"]

1. e4 {[%emt 0:00:00]} c5 {[%emt 0:00:00]} 2. Nf3 {[%emt 0:00:00]} g6 {[%emt 0:00:00]} 3. Nc3 {[%emt 0:00:12]} Bg7 {[%emt 0:00:14]} 4. d4 {[%emt 0:00:06]} Qa5 {[%emt 0:00:10]} 5. d5 {[%emt 0:03:28]} d6 {[%emt 0:00:22]} 6. Bd2 {[%emt 0:03:54]} Nf6 {[%emt 0:01:16]} 7. h3 {[%emt 0:01:25]} O-O {[%emt 0:00:18]} 8. Bc4 {[%emt 0:02:18]} a6 {[%emt 0:03:34]} 9. a4 {[%emt 0:00:15]} Nbd7 {[%emt 0:03:44]} 10. O-O {[%emt 0:00:29]} Qc7 {[%emt 0:00:19]} 11. Re1 {[%emt 0:03:52]} Rb8 {[%emt 0:07:15]} 12. a5 {[%emt 0:07:25]} Ne8 {[%emt 0:11:55]} 13. Na4 {[%emt 0:12:38]} Qd8 {[%emt 0:11:02]} 14. Rb1 {[%emt 0:09:11]} Ne5 {[%emt 0:03:35]} 15. Nxe5 {[%emt 0:00:13]} Bxe5 {[%emt 0:00:10]} 16. Nb6 {[%emt 0:02:20]} Nc7 {[%emt 0:04:00]} 17. Bh6 {[%emt 0:05:52]} Bg7 {[%emt 0:11:13]} 18. Bxg7 {[%emt 0:04:13]} Kxg7 {[%emt 0:00:10]} 19. Qd2 {[%emt 0:04:43]} Bd7 {[%emt 0:04:58]} 20. e5 {[%emt 0:03:20]} Na8 {[%emt 0:11:52]} 21. Nxd7 {[%emt 0:05:29]} Qxd7 {[%emt 0:00:15]} 22. e6 {[%emt 0:00:02]} fxe6 {[%emt 0:02:59]} 23. Rxe6 {[%emt 0:00:09]} Nc7 {[%emt 0:00:32]} 24. Re4 {[%emt 0:00:55]} Rf7 {[%emt 0:02:03]} 25. Rbe1 {[%emt 0:00:23]} Rbf8 {[%emt 0:01:32]} 26. f3 {[%emt 0:11:29]} Re8 {[%emt 0:03:54]} 27. f4 {[%emt 0:07:31]} Qf5 {[%emt 0:03:17]} 28. g4 {[%emt 0:00:18]} Qf6 {[%emt 0:00:21]} 29. c3 {[%emt 0:01:00]} Qh4 {[%emt 0:01:39]} 30. Kg2 {[%emt 0:04:37]} Ref8 {[%emt 0:02:54]} 31. Qe3 {[%emt 0:02:20]} Rxf4 {[%emt 0:03:37]} 32. Rxf4 {[%emt 0:00:07]} Rxf4 {[%emt 0:00:04]} 33. Qxe7+ {[%emt 0:00:04]} Qxe7 {[%emt 0:00:06]} 34. Rxe7+ {[%emt 0:00:01]} Rf7 {[%emt 0:00:08]} 35. Rxf7+ {[%emt 0:00:45]} Kxf7 {[%emt 0:00:04]} 36. g5 {[%emt 0:00:04]} Kg7 {[%emt 0:03:11]} 37. Kf3 {[%emt 0:00:20]} h6 {[%emt 0:01:14]} 38. h4 {[%emt 0:00:01]} hxg5 {[%emt 0:00:07]} 39. hxg5 {[%emt 0:00:01]} Kf7 {[%emt 0:01:26]} 40. Ke4 {[%emt 0:00:00]} Na8 {[%emt 0:00:00]} 41. Bf1 {[%emt 0:00:42]} Ke7 {[%emt 0:01:23]} 42. b4 {[%emt 0:02:58]} cxb4 {[%emt 0:00:33]} 43. cxb4 {[%emt 0:00:01]} Nc7 {[%emt 0:00:50]} 44. Bh3 {[%emt 0:00:25]} Kd8 {[%emt 0:02:24]} 45. Kd4 {[%emt 0:02:29]} Nb5+ {[%emt 0:00:32]} 46. Kd3 {[%emt 0:00:16]} Na7 {[%emt 0:02:08]} 47. Be6 {[%emt 0:00:28]} Ke7 {[%emt 0:00:31]} 48. Kc4 {[%emt 0:00:08]} Ke8 {[%emt 0:00:21]} 49. Bg4 {[%emt 0:02:08]} Ke7 {[%emt 0:00:58]} 50. Be6 {[%emt 0:00:09]} Ke8 {[%emt 0:00:04]} 51. Kb3 {[%emt 0:00:05]} Ke7 {[%emt 0:00:29]} 52. Ka4 {[%emt 0:00:04]} Ke8 {[%emt 0:01:35]} 53. Bh3 {[%emt 0:00:13]} Ke7 {[%emt 0:00:28]} 54. Bf1 {[%emt 0:00:10]} Ke8 {[%emt 0:00:27]} 55. Bd3 {[%emt 0:00:06]} Kf7 {[%emt 0:00:18]} 56. b5 {[%emt 0:00:05]} axb5+ {[%emt 0:00:29]} 57. Bxb5 {[%emt 0:00:01]} Ke7 {[%emt 0:01:43]} 58. Bd3 {[%emt 0:02:58]} Kf7 {[%emt 0:00:10]} 59. Be4 {[%emt 0:00:24]} Kg7 {[%emt 0:00:16]} 60. Bd3 1/2-1/2